banner koha

Polifenoloxidase da polpa de duas cultivares de abacate [Inibidor de enzima; Fenolase; Polifenolase; Tirosinase; Brasil] (Registro n. 106130)

MARC details
000 -LÍDER
campo de controle de tamanho fixo 01181nas a2200313 4500
001 - NÚMERO DE CONTROLE
campo de controle BR8101806
003 - IDENTIFICADOR DO NÚMERO DE CONTROLE
campo de controle BR-BrBNA
005 - DATA E HORÁRIO DA ÚLTIMA TRANSAÇÃO
campo de controle 20231205084606.0
007 - CAMPO FIXO DE DESCRIÇÃO FÍSICA--INFORMAÇÃO GERAL
campo de controle de tamanho fixo ta
008 - CAMPO DE DADOS FIXOS--INFORMAÇÃO GERAL
campo de controle de tamanho fixo 230509b bl.|||p| |||| 00| 00por d
040 ## - FONTE DA CATALOGAÇÃO
Instituição da catalogação original BR-BrBNA
Idioma da catalogação por
Instituição que transcreveu o registro Biblioteca Nacional de Agricultura
041 ## - CÓDIGO DE IDIOMA
Código do idioma do texto/trilha sonora ou título diferente (Pt)
072 ## - CÓDIGO DE CATEGORIA DE ASSUNTO
Código de Categoria de Assunto Q20; S10
100 1# - ENTRADA PRINCIPAL--NOME PESSOAL
Nome pessoal Iaderoza, m.
100 1# - ENTRADA PRINCIPAL--NOME PESSOAL
Nome pessoal Draetta, I. dos S.
100 1# - ENTRADA PRINCIPAL--NOME PESSOAL
Nome pessoal Padula, M.
111 1# - ENTRADA PRINCIPAL--NOME DO EVENTO
Nome do evento ou lugar 4. Congresso Brasileiro de Ciencia e Tecnologia de Alimentos
Local do evento Rio de Janeiro, RJ (Brazil)
Data do evento ou assinatura do tratado 5 Oct 1980
245 1# - TÍTULO
Título Polifenoloxidase da polpa de duas cultivares de abacate [Inibidor de enzima; Fenolase; Polifenolase; Tirosinase; Brasil]
246 1# - FORMA VARIANTE DO TÍTULO
Título/título abreviado Polyphenoloxidase from two varieties of avocado pulp [Enzime inhibitor; Phenol oxidase; Poliphenol oxidase; Tyrosine; Brazil]
650 ## - ASSUNTO--TERMO TÓPICO
Cabeçalho tópico ou nome geográfico Microbiologia de alimento
650 ## - ASSUNTO--TERMO TÓPICO
Cabeçalho tópico ou nome geográfico Composicao de alimento
650 ## - ASSUNTO--TERMO TÓPICO
Cabeçalho tópico ou nome geográfico Abacate
650 ## - ASSUNTO--TERMO TÓPICO
Cabeçalho tópico ou nome geográfico Polpa
650 ## - ASSUNTO--TERMO TÓPICO
Cabeçalho tópico ou nome geográfico Enzima
650 ## - ASSUNTO--TERMO TÓPICO
Cabeçalho tópico ou nome geográfico Inibidor de enzima
773 0# - ENTRADA ANALÍTICA
Título Coletanea do Instituto de Tecnologia de Alimentos (Brazil)
ISSN - International Standard Serial Number ISSN 0100-350X
Partes relacionadas (1980), v. 11 p. 53-64
Número de controle do registro BR8101806
909 ## -
-- 202311
-- Lúcia
-- 55
-- Lúcia Elande
942 ## - ELEMENTOS DE ENTRADA ADICIONADOS (KOHA)
Fonte da classificação ou esquema de arquivamento na estante Classificação AGRIS
Ocultar no OPAC Não
Tipo de material Koha Analítica
Exemplares
Situação do descarte Fonte da classificação ou esquema de arquivamento na estante Situação física Não pode ser emprestado Biblioteca de origem Biblioteca atual Localização na estante Enumeração do periódico / cronologia Total de empréstimos Data de último acesso Número do exemplar Tipo de material Koha Fonte de aquisição
  Classificação AGRIS   Consulta local Biblioteca Nacional de Agricultura - Binagri Biblioteca Nacional de Agricultura - Binagri   (1980), v. 11 p. 53-64   29/11/2023 01 Periódicos Portaria Interministerial nº 164/94

BINAGRI

Telefone: (61)3218-2567/2388/3357/2097 - binagri@agro.gov.br

Ministério da Agricultura e Pecuária , Esplanada dos Ministérios, Bloco D, Anexo B, Brasília/DF, CEP: 70.043-900